[Event "Barbera del Valles op"]
[Site "Barbera del Valles"]
[Date "1994.??.??"]
[Round "?"]
[White "Rodriguez Cespedes, Amador"]
[Black "Korneev, Oleg"]
[Result "1/2-1/2"]
[WhiteElo "2515"]
[BlackElo "2505"]
[Annotator "Rodriguez,Am"]
[PlyCount "43"]
[EventDate "1994.07.??"]
[EventType "swiss"]
[EventRounds "9"]
[EventCountry "ESP"]
[SourceTitle "CBM 042"]
[Source "ChessBase"]
[SourceDate "1994.10.01"]
[SourceVersion "1"]
[SourceVersionDate "1994.10.01"]
[SourceQuality "1"]

1. e4 e5 2. Nf3 Nc6 3. Bb5 a6 4. Ba4 Nf6 5. O-O Nxe4 6. d4 b5 7. Bb3 d5 8. dxe5
Be6 9. Nbd2 Nc5 10. c3 d4 11. Bxe6 Nxe6 12. cxd4 Ncxd4 13. a4 Bc5 {Later I
could find only one more game with this move.} (13... Be7 {The main line and
most popular alternative.}) (13... Rb8) 14. Ne4 (14. Nb3 Nxb3 15. Qxb3 O-O $1
16. axb5 axb5 17. Rxa8 Qxa8 18. Qxb5 Qd5 $44) 14... Bb6 15. Nfg5 $1 $146 {
A strong novelty found over the board.} (15. Nxd4 Bxd4 16. Ng5 O-O (16... Nxg5
17. Bxg5 Qxg5 18. Qxd4 O-O 19. Qc5 $16) 17. axb5 Nxg5 18. Bxg5 Bxf2+ 19. Rxf2
Qxg5 20. bxa6 Qxe5 21. Kh1 $2 (21. Qf1 $5 $14 {Recommended by Tischbierek.})
21... Qb5 $1 $10 {Tischbierk-Cejov/Potsdam/1985/}) 15... Nxg5 (15... h6 16. Qh5
$40) (15... O-O $2 $16 {Now both 16.Qd3 or 16.Qh5 promise a dangerous attack.})
16. Bxg5 (16. Nxg5 h6 17. Qh5 O-O $5 18. Ne4 Qd5 $1 $13) 16... Qd7 (16... Qd5
17. Nc3 (17. Re1 $5 $16) 17... Qc6 18. axb5 axb5 19. Rxa8+ Qxa8 20. Qg4 $16)
17. axb5 $6 (17. Re1 $1 {/\} O-O 18. Ra3 $1 $40) 17... Qxb5 18. Nc3 Qd7 $1 (
18... Qxb2 $2 19. Qa4+ $1 $16) 19. Qa4 Qxa4 20. Nxa4 h6 $1 $10 (20... O-O 21.
Rfd1 Ne6 22. Nxb6 cxb6 23. Be3 $16) 21. Nxb6 cxb6 22. Bd2 (22. Bd2 Nb3 23. Rad1
Nxd2 24. Rxd2 Ke7 $10) 1/2-1/2

[Event "Capablanca Memorial Elite 30th"]
[Site "Matanzas"]
[Date "1995.??.??"]
[Round "5"]
[White "Rodriguez Cespedes, Amador"]
[Black "Sorin, Ariel"]
[Result "1/2-1/2"]
[WhiteElo "2520"]
[BlackElo "2505"]
[Annotator "Rodriguez,Am"]
[PlyCount "125"]
[EventDate "1995.05.??"]
[EventType "tourn"]
[EventRounds "13"]
[EventCountry "CUB"]
[EventCategory "11"]
[SourceTitle "CBM 048"]
[Source "ChessBase"]
[SourceDate "1995.10.01"]
[SourceVersion "1"]
[SourceVersionDate "1995.10.01"]
[SourceQuality "1"]

1. e4 e5 2. Nf3 Nc6 3. Bb5 a6 4. Ba4 Nf6 5. O-O Nxe4 6. d4 b5 7. Bb3 d5 8. dxe5
Be6 9. Nbd2 Nc5 10. c3 d4 11. Bxe6 Nxe6 12. cxd4 Ncxd4 13. Ne4 Be7 14. Be3 Nf5
15. Qc2 O-O 16. Nf6+ {This is considered harmless but, a player myself of the
Open Spanish as Black, I knew it was not so easy in practice.} Bxf6 17. Qxf5
Be7 18. Rfd1 (18. Rad1 Qc8 19. Qc2 (19. Nd2 Rd8 20. f4 (20. f4 Nd4 21. Qe4 Nf5
$10) (20. f4 g6 $5) 20... c5 21. Qh3 Rd3 $2 22. Ne4 Rxd1 23. Rxd1 Qc7 24. Nc3
Rd8 25. Nd5 Qb7 26. Qf3 Kh8 27. Nxe7 Qxe7 28. Rxd8+ Qxd8 {Van der
Wiel-Kortschnoj/Sarajevo/1984/1/2-1/2 (45)}) 19... c5 20. Nd2 Qc7 21. f4 c4 22.
Ne4 Bc5 23. Qf2 Rac8 24. f5 Bxe3 25. Qxe3 Qxe5 26. fxe6 f5 27. Qc3 Qxe4 {
Tilak-Jakubovics/London LB (07) 1994/1-0 (43)}) 18... Qc8 19. Rac1 Rd8 20.
Rxd8+ Qxd8 21. Qe4 c5 22. b3 Ra7 23. g3 {The new move based on the same idea,
White is playing comfortably for the endgame.} (23. h3 Qa8 24. Nd2 Qxe4 25.
Nxe4 Rc7 26. f4 c4 27. bxc4 Rxc4 28. Rxc4 bxc4 29. Kf2 $16 {Bellin-Botterill,
BCF-ch 1987}) 23... g6 24. Kg2 Kg7 25. h4 h5 26. Rc2 Rd7 $2 {It was necessary
to play 26...Qc7 or 26...Qb6 to avoid penetration via c6} 27. Qc6 $1 Rd1 28.
Rd2 Rxd2 29. Nxd2 Nd4 30. Bxd4 cxd4 {Puting all hopes in advancing quickly
this passed pawn.} (30... Qxd4 31. Nf3 $18) 31. Ne4 $3 d3 32. Nd6 f6 (32... d2
$2 33. Qd5 $18) (32... Bxd6 33. exd6 Kf6 34. Qd5 Qd7 {was probably the best
defence, but White should be winning.} (34... d2 $2 35. Qg5+ $1)) 33. Qd5 Qg8
34. exf6+ Bxf6 35. Qxd3 Qe6 36. Ne4 Be7 37. Qd4+ Kh7 38. Nd2 $1 Qc6+ 39. Qe4
Qd6 40. Nf1 Kg7 41. Ne3 Bf6 42. Qb7+ Kh6 43. Qf7 Qc6+ 44. Nd5 Bg7 {Up to here
it was nice.} 45. Kh2 (45. Qf3 $1 {was the simplest positional win to put Nf4,
my original idea when I played 38.Nd2, but the Kh6 suggested playing for mate.}
) 45... Qc2 46. Ne7 $2 {I played this a tempo and it is hard to believe that
the position is now drawn, it should not be, but from now on, the win, if it
really exists is problematic and I used a lot of time.} (46. Nb4 $5 Qc8 (46...
Qd2 47. Nxa6 Qxa2 48. Nc7 $16) 47. Kg2 {White is on the way to an easy win.}) (
46. Kg2 {yes, it was still time to go back} Qxa2 $2 47. Nf4 Qc2 48. Ne6 $1 $18
{/\ Ng5, Qg8}) 46... Kh7 $1 47. a3 $6 a5 48. a4 bxa4 49. bxa4 Qe4 50. Kg1 Qe1+
51. Kg2 Qe4+ 52. Kh2 Qc2 53. Qf4 Be5 $1 54. Qf7+ Bg7 55. Qf4 Be5 56. Qe3 Bg7 $1
57. Qb6 Qe4 58. Qd8 Qxa4 59. Qg8+ Kh6 60. Qf7 Qc2 61. Ng8+ Kh7 62. Nf6+ Kh6 63.
Ng8+ 1/2-1/2

[Event "Gausdal Int"]
[Site "Gausdal"]
[Date "1991.??.??"]
[Round "2"]
[White "Prasad, Devaki V"]
[Black "Ernst, Thomas"]
[Result "1/2-1/2"]
[WhiteElo "2420"]
[BlackElo "2525"]
[Annotator "Schussler,H"]
[PlyCount "66"]
[EventDate "1991.08.??"]
[EventType "swiss"]
[EventRounds "9"]
[EventCountry "NOR"]
[SourceTitle "CBM 025"]
[Source "ChessBase"]
[SourceDate "1991.12.01"]
[SourceVersion "1"]
[SourceVersionDate "1991.12.01"]
[SourceQuality "1"]

1. e4 e5 2. Nf3 Nc6 3. Bb5 a6 4. Ba4 Nf6 5. O-O Nxe4 6. d4 b5 7. Bb3 d5 8. dxe5
Be6 9. Nbd2 Nc5 (9... Bc5 10. Nxe4 dxe4 11. Bxe6 Qxd1 12. Rxd1 fxe6 13. Ng5 O-O
14. Be3 Bxe3 15. fxe3 Nxe5 16. Nxe6 Rf7 $10 {Prasad,D-Krasenkov,M, Gausdal
1989 (CBM 25/game 454).}) 10. c3 d4 11. Bxe6 Nxe6 12. cxd4 Ncxd4 13. Ne4 Be7
14. Be3 Nf5 15. Qc2 O-O 16. Rad1 Nxe3 17. fxe3 Qc8 18. h3 Rd8 19. Nh2 Rxd1 20.
Qxd1 Qe8 {20. - Nc5? 21.Qd5 + =} 21. Ng4 (21. Qh5 Nc5 22. Ng3 a5 $1 23. Nf5 Ra6
$1 $15 {Tal-Kortjnoj, Reykjavik 1987.}) (21. Ng3 Rd8 22. Qc2 c5 23. Ng4 Rd7 {
23. - c4!} 24. Nf5 $14 {Mokry-Ernst, Gausdal 1989.}) 21... Rd8 22. Qc2 c5 23.
Ng3 {Transposing to Mokry-Ernst, Gausdal 1989.} c4 $1 24. Qe4 Rc8 25. Nf5 b4
$10 26. Nfh6+ gxh6 27. Nxh6+ Kh8 28. Nxf7+ Kg8 29. Qg4+ Ng7 30. e6 Bc5 31. Qg5
Qe7 32. Nh6+ Kh8 33. Qe5 Qc7 {34.e7 Qxe5 35.Rf8+ Rxf8 36.exf8Q+ Bxf8 37.Nf7+ =}
1/2-1/2

[Event "Amsterdam Euwe Memorial"]
[Site "Amsterdam"]
[Date "1991.??.??"]
[Round "7"]
[White "Ljubojevic, Ljubomir"]
[Black "Hjartarson, Johann"]
[Result "0-1"]
[WhiteElo "2590"]
[BlackElo "2535"]
[Annotator "Schussler,H"]
[PlyCount "84"]
[EventDate "1991.05.??"]
[EventType "tourn"]
[EventRounds "9"]
[EventCountry "NED"]
[EventCategory "16"]
[SourceTitle "CBM 023"]
[Source "ChessBase"]
[SourceDate "1991.08.01"]
[SourceVersion "1"]
[SourceVersionDate "1991.08.01"]
[SourceQuality "1"]

1. e4 e5 2. Nf3 Nc6 3. Bb5 a6 4. Ba4 Nf6 5. O-O Nxe4 6. d4 b5 7. Bb3 d5 8. dxe5
Be6 9. a4 b4 10. a5 Nc5 11. Bg5 Qd7 12. Nbd2 h6 13. Bh4 Be7 (13... g5 14. Bg3
Bg7 15. c3 $13 {Kindermann-Marin, Novi Sad (ol) 1990}) 14. Bxe7 Qxe7 15. c3
bxc3 $5 (15... O-O 16. Bc2 Bg4 17. h3 {Kindermann-Tukmakov, Biel 1988.} Bxf3
18. Nxf3 bxc3 19. bxc3 Nxe5 20. Qxd5 Nxf3+ 21. Qxf3 Rfe8 $10 {Kindermann}) 16.
bxc3 Nxb3 17. Nxb3 O-O 18. Re1 Rab8 $10 19. Nfd4 Na7 20. Ne2 c5 21. Nf4 Rfd8
22. Qc2 Nc6 23. Nxe6 fxe6 24. f4 Rb5 25. c4 Nb4 26. Qe2 dxc4 27. Qxc4 Nd3 28.
Reb1 Rb4 29. Qxa6 c4 30. Nd4 Qc5 31. Qxe6+ Kh8 32. h3 Qxd4+ 33. Kh1 Nf2+ 34.
Kh2 Qxf4+ 35. Kg1 Qd4 36. Kh2 Rxb1 37. Rxb1 c3 38. Rb7 Qf4+ 39. g3 Ng4+ $1 40.
hxg4 Rd2+ 41. Kh3 Qf1+ 42. Kh4 Rh2# 0-1

[Event "WchT 2nd"]
[Site "Luzern"]
[Date "1989.??.??"]
[Round "7.2"]
[White "De Firmian, Nick E"]
[Black "Abdel Megid, Mostafa"]
[Result "1-0"]
[WhiteElo "2595"]
[BlackElo "2370"]
[Annotator "Schussler,H"]
[PlyCount "79"]
[EventDate "1989.10.27"]
[EventType "team-tourn"]
[EventRounds "9"]
[EventCountry "SUI"]
[SourceTitle "CBM 016"]
[Source "ChessBase"]
[SourceDate "1990.06.01"]
[SourceVersion "1"]
[SourceVersionDate "1990.06.01"]
[SourceQuality "1"]
[WhiteTeam "US of America"]
[BlackTeam "Africa"]
[WhiteTeamCountry "USA"]

1. e4 e5 2. Nf3 Nc6 3. Bb5 a6 4. Ba4 Nf6 5. O-O Nxe4 6. d4 b5 7. Bb3 d5 8. dxe5
Be6 9. Nbd2 Nc5 10. c3 d4 11. Bxe6 Nxe6 12. cxd4 Ncxd4 13. a4 Rb8 $6 (13... Be7
14. Nxd4 Nxd4 15. Ne4 O-O 16. axb5 Nxb5 17. Be3 Qc8 18. Qd5 $14 {
Chandler-Yusupov, Hastings 1989/90.}) 14. axb5 axb5 15. Ne4 Qd5 16. Nxd4 Nxd4
17. Nc3 Qc4 18. Be3 Nf5 19. Qf3 Nh4 20. Qh3 Be7 21. Rfd1 O-O 22. Nd5 Bd8 23. e6
fxe6 24. Qxe6+ Kh8 25. Rac1 Qe2 26. Nf4 Qxb2 27. Bd4 Qb4 28. Bxg7+ Kxg7 29.
Nh5+ Kh8 30. Qe5+ Bf6 31. Nxf6 Ng6 32. Rxc7 Qh4 33. Rdd7 Rxf6 34. Rxh7+ Qxh7
35. Qxf6+ Kg8 36. Qe6+ Kh8 37. Rxh7+ Kxh7 38. f4 b4 39. f5 Nf8 40. Qe7+ 1-0

[Event "London WFW"]
[Site "London"]
[Date "1990.??.??"]
[Round "?"]
[White "Watson, William N"]
[Black "Flear, Glenn C"]
[Result "1/2-1/2"]
[WhiteElo "2470"]
[BlackElo "2470"]
[Annotator "Schussler,H"]
[PlyCount "71"]
[EventDate "1990.04.??"]
[EventType "tourn"]
[EventRounds "13"]
[EventCountry "ENG"]
[EventCategory "11"]
[SourceTitle "CBM 018"]
[Source "ChessBase"]
[SourceDate "1990.10.01"]
[SourceVersion "1"]
[SourceVersionDate "1990.10.01"]
[SourceQuality "1"]

1. e4 e5 2. Nf3 Nc6 3. Bb5 a6 4. Ba4 Nf6 5. O-O Nxe4 6. d4 b5 7. Bb3 d5 8. dxe5
Be6 9. Nbd2 Nc5 10. c3 d4 11. Bxe6 Nxe6 12. cxd4 Ncxd4 13. Ne4 Be7 14. Be3 Nf5
15. Qc2 O-O 16. Rad1 Nxe3 17. fxe3 Qc8 18. h3 Rd8 19. Nh2 Rxd1 20. Qxd1 Qe8 21.
Ng3 a5 {This is a new and interesting idea. Black tries to improve on the game
Mokry-Ernst by getting his rook into play along the sixth rank.} (21... Rd8 22.
Qc2 c5 23. Ng4 Rd7 24. Nf5 Kh8 25. Qe4 $14 {Mokry-Ernst, Gausdal 1989.}) 22.
Nf5 Ra6 23. Qd5 Bd8 24. Ng4 h5 25. Nh2 Nf8 26. Nf3 Rg6 27. Rd1 Be7 28. N3d4 Bg5
29. h4 c6 30. Qf3 Bd8 31. Nd6 Qxe5 32. Nxc6 Qf6 33. Nf5 Qxc6 34. Qxc6 Rxc6 35.
Rxd8 Rc1+ 36. Kh2 1/2-1/2

[Event "Stara Zagora zt-B"]
[Site "Stara Zagora"]
[Date "1990.??.??"]
[Round "13"]
[White "Sznapik, Aleksander"]
[Black "Hracek, Zbynek"]
[Result "0-1"]
[WhiteElo "2485"]
[BlackElo "2390"]
[Annotator "Schussler,H"]
[PlyCount "54"]
[EventDate "1990.02.??"]
[EventType "tourn"]
[EventRounds "13"]
[EventCountry "BUL"]
[EventCategory "10"]
[SourceTitle "CBM 017"]
[Source "ChessBase"]
[SourceDate "1990.08.01"]
[SourceVersion "1"]
[SourceVersionDate "1990.08.01"]
[SourceQuality "1"]

1. e4 e5 2. Nf3 Nc6 3. Bb5 a6 4. Ba4 Nf6 5. O-O Nxe4 6. d4 b5 7. Bb3 d5 8. dxe5
Be6 9. Nbd2 Nc5 10. c3 d4 11. Bxe6 Nxe6 12. cxd4 Ncxd4 13. Ne4 Be7 14. Be3 Nf5
15. Qc2 O-O 16. Rad1 Nxe3 17. fxe3 Qc8 18. Nd4 Nxd4 19. exd4 Qe6 20. a3 (20.
Qxc7 Rac8 21. Qa5 Rc2 22. Rf2 Qg4 $1 23. Qe1 Bb4 24. Nc3 Rxf2 25. Kxf2 f6 26.
exf6 Rxf6+ 27. Kg1 Re6 $10 {De Firmian-Hellers, Biel 1989}) 20... c6 21. Rf3 f6
22. Rc3 fxe5 23. Rxc6 Qd5 24. Rc7 Rae8 25. dxe5 Qxe5 26. Rcd7 $2 Rf4 $1 $19 27.
R7d4 {If the knight had moved 27. - c5 would have followed.} Bf8 0-1

[Event "Biel-B"]
[Site "Biel"]
[Date "1990.??.??"]
[Round "11"]
[White "Groszpeter, Attila"]
[Black "Brunner, Lucas"]
[Result "1-0"]
[WhiteElo "2555"]
[BlackElo "2475"]
[Annotator "Schussler,H"]
[PlyCount "111"]
[EventDate "1990.07.??"]
[EventType "tourn"]
[EventRounds "11"]
[EventCountry "SUI"]
[EventCategory "10"]
[SourceTitle "CBM 019"]
[Source "ChessBase"]
[SourceDate "1990.12.01"]
[SourceVersion "1"]
[SourceVersionDate "1990.12.01"]
[SourceQuality "1"]

1. e4 e5 2. Nf3 Nc6 3. Bb5 a6 4. Ba4 Nf6 5. O-O Nxe4 6. d4 b5 7. Bb3 d5 8. dxe5
Be6 9. Be3 Nc5 10. Nc3 Nxb3 11. cxb3 Be7 12. Rc1 Qd7 13. h3 (13. Ne2 Rc8 14.
Nf4 O-O 15. Bc5 Rfd8 16. Bxe7 Nxe7 17. Qd4 $14 {Smagin-Mihalcisin, Moscow (GMA)
1989. 13. - Bg4!?}) 13... O-O 14. Ne2 Rfc8 15. Nf4 a5 16. a3 Nd8 17. Nd3 Bf5
18. Nc5 Bxc5 19. Bxc5 Ne6 20. Nd4 Bg6 21. Qd2 c6 22. Rfe1 Re8 23. Bd6 Nxd4 24.
Qxd4 f6 25. Qb6 Rec8 26. Re3 Qa7 27. Qxa7 Rxa7 28. Bc5 Rb7 29. exf6 gxf6 30.
Bd4 b4 31. Rc5 bxa3 32. bxa3 Rcb8 33. Rxc6 Rxb3 34. Ra6 Rxe3 35. fxe3 Be4 36.
Rxa5 Rb1+ 37. Kf2 Rh1 38. Ra8+ Kf7 39. Ra6 Rh2 40. Rxf6+ Ke7 41. Kg3 Rxg2+ 42.
Kh4 Rg6 43. Rf2 Rg2 44. Rf1 Rg6 45. a4 Bg2 46. Rf2 Be4 47. a5 Bd3 48. Rb2 Kd8
49. Rb8+ Kc7 50. Be5+ Kd7 51. Rb7+ Ke6 52. Bd4 h6 53. Kh5 Kf5 54. Rf7+ Ke6 55.
Rg7 Rxg7 56. Bxg7 1-0

[Event "Hoogovens"]
[Site "Wijk aan Zee"]
[Date "1996.01.26"]
[Round "11"]
[White "Shirov, Alexei"]
[Black "Timman, Jan H"]
[Result "1-0"]
[WhiteElo "2690"]
[BlackElo "2620"]
[Annotator "Shirov,A"]
[PlyCount "97"]
[EventDate "1996.01.13"]
[EventType "tourn"]
[EventRounds "13"]
[EventCountry "NED"]
[EventCategory "17"]
[SourceTitle "CBM 051"]
[Source "ChessBase"]
[SourceDate "1996.04.01"]
[SourceVersion "1"]
[SourceVersionDate "1996.04.01"]
[SourceQuality "1"]

1. e4 {Wedberg Hecht Endspiel-CD Knaak} e5 2. Nf3 Nc6 3. Bb5 a6 4. Ba4 Nf6 5.
O-O Nxe4 6. d4 b5 7. Bb3 d5 8. dxe5 Be6 9. Nbd2 Nc5 10. c3 d4 11. Ng5 Qxg5 (
11... Bd5 $5 {Wedberg Anand,V-Sokolov,I/Lyon 1994/0-1 (53)}) 12. Qf3 O-O-O (
12... Bd7 {Wedberg} 13. Bxf7+ Ke7 14. Bd5 Nxe5 15. Qe2 d3 $13) 13. Bxe6+ fxe6
14. Qxc6 Qxe5 15. b4 (15. Nf3 {Wedberg} Qd5 16. Nxd4 e5 17. Qxd5 Rxd5 18. Nb3
Nd3 {=Wolff,P-Mephisto/Harvard/1992}) 15... Qd5 16. Qxd5 exd5 17. bxc5 dxc3 18.
Nb3 d4 19. Ba3 g6 $1 $146 (19... Be7 20. Bb4 Bf6 {Timman,J - Smyslov,V/BRD 28/
274  1979} (20... Bf6 {Wedberg} 21. a4 Kd7 22. axb5 axb5 23. Rfd1 Ke6 24. Rac1
Rd5 $13 {Harley,A-Ernst,T/London/1991})) (19... c2 $2 {Wedberg} 20. Bb4 g6 21.
a4 bxa4 22. Rxa4 Bg7 23. Rxa6 $18 {Cunningham,R-Vucic,M/Philadelphia/1992}) 20.
Bb4 Bg7 21. a4 (21. Rad1 d3 22. Nc1 d2 23. Ne2 Rd3 24. Nf4 Rhd8 25. Nxd3 Rxd3
26. c6 g5 $1 $44) 21... Kd7 22. axb5 axb5 23. Rad1 Ke6 24. Rfe1+ (24. Rd3 Kd5
25. Bxc3 (25. Na5 $2 Ra8 26. Rfd1 Rxa5 27. Bxa5 Kc4 $19) 25... Kc4 26. Rfd1
dxc3 27. Na5+ Kxc5 28. Nb7+ Kc4 29. Na5+ (29. Nxd8 $4 c2 $19) 29... Kb4 30.
Nc6+ Kc4 31. Na5+ $10) 24... Kd5 (24... Kf7 {Wedberg} 25. Rd3 (25. c6 Rhe8)
25... Rhe8 26. Red1 $16) 25. Bxc3 (25. Na5 c2 26. Rd2 (26. Rd3 Bh6 27. Bd2 Bxd2
28. Rxd2 Ra8 29. Nb3 Kc4 30. Nc1 (30. Nxd4 Rhd8 $1) 30... d3 31. Re4+ Kc3 32.
Rxd3+ Kb2 33. Re1 Ra3 34. Rxa3 (34. Rd4 Ra4) 34... Kxa3 35. Re3+ Kb2 36. Nd3+
Kc3 37. Ne1+ (37. Kf1 b4 38. Ne1+ Kb2 39. Nd3+ Kc3 $10) 37... Kb2 (37... Kd2 $2
38. Kf1 c1=N 39. Nf3+ Kd1 40. Re1+ Kc2 41. Nd4+ Kd2 42. Nxb5 $16) 38. Nd3+ Kc3
$10) 26... c1=Q 27. Rxc1 Bh6 $13) 25... Kc4 26. Ba5 $1 (26. Na5+ Kxc3 27. Rc1+
Kb2 $1 (27... Kd2 $4 28. Kf1 Kd3 29. Nc6 $18) (27... Kd3 $4 28. Nc6 Rde8 29.
Nb4+ Kd2 30. Red1+ Ke2 31. Rd3 Bh6 32. Rc2+ Ke1 33. Rb3 $18) 28. Rb1+ Kc3 (
28... Ka2 29. Ra1+ (29. Nc6 $6 d3 $1 30. Nxd8 Rxd8 31. Rxb5 d2 32. Rd1 Bc3 $1
$44) 29... Kb2 $10) 29. Rbc1+ Kb2 $10) 26... Kxb3 27. Rb1+ Kc4 28. Rec1+ Kd5
29. c6 $1 Kd6 $1 (29... Be5 $2 30. Rxb5+ Ke6 31. Rxe5+ Kxe5 32. Bxc7+ Kd5 33.
Bxd8 Rxd8 34. c7 Rc8 35. Kf1 Kd6 36. Ke2 $18) 30. Rxb5 Rb8 $1 (30... Rhe8 {
Wedberg} 31. Bxc7+ Kxc7 32. Rb7+ Kc8 33. Rxg7 d3 34. Kf1 (34. c7 $2 d2 $3 35.
cxd8=Q+ Kxd8 $19) 34... d2 35. Rd1 Rd6 36. Rd7 (36. Rxh7 $4 Rxc6 $19) 36...
Rxd7 37. cxd7+ Kxd7 38. Rxd2+ $16) 31. Bb4+ (31. Rb7 Rxb7 32. cxb7 c5) 31...
Ke6 32. Re1+ Kf6 $1 (32... Kf7 $2 33. Re7+ (33. Rb7 $1 Rxb7 34. cxb7 $18) 33...
Kf6 34. Rbe5 Rxb4 $4 (34... Bf8 $1 35. R5e6+ Kf5 36. Re5+ Kf6 $10) 35. g4 Bh6
36. h4 $18) 33. Be7+ (33. Rb7 Rxb7 34. cxb7 Rb8 35. Rb1 Rxb7 36. Be7+ Kxe7 37.
Rxb7 Kd6 $44) 33... Kf7 34. Rd5 Rhc8 $6 (34... Rhe8 $1 35. Rd7 Kg8 36. Kf1 d3
37. Rxd3 Rb6 $10) 35. Rd7 Kg8 36. g3 $1 Rb6 (36... Re8 $14) 37. Rc1 Rb3 38. Bc5
d3 $2 (38... Rc3 $4 39. Rxg7+ $18 (39. Rxg7+ {Wedberg} Kxg7 40. Bxd4+ $18)) (
38... Bh6 $10) 39. Rd1 $16 Rcb8 (39... Rc3 $4 40. Rxg7+ $18) 40. Kg2 Bf8 41.
Bxf8 Rxf8 42. R1xd3 Rxd3 43. Rxd3 Rf7 44. f4 Re7 45. g4 $2 (45. Kf3 Re6 46.
Rd8+ (46. Rc3 $16) 46... Kf7 47. Rd7+ Re7 48. Rxe7+ Kxe7 49. Kg4 Kd6 50. Kg5
Kxc6 51. Kh6 Kb7 52. Kxh7 c5 53. Kxg6 c4 54. f5 c3 55. f6 c2 56. f7 c1=Q 57.
f8=Q Qc2+ $16) 45... Re6 (45... Kf7 46. Kf3 $18) 46. Rd8+ Kf7 47. Rd7+ Re7 48.
Rxe7+ Kxe7 {Hecht: B-B: gedeckter vs Einzel-Freibauer / Analyse} 49. g5 (49. g5
Kd6 50. h4 (50. f5 {Wedberg} gxf5 (50... Kxc6 51. f6 Kd6 52. Kf3 Ke6 53. Ke4
Kd6 54. Kd4 Ke6 55. Kc5 Kd7 56. Kd5 Ke8 57. Kc6 Kd8 58. h3 $18) 51. h4 Ke5 52.
Kf3 f4 53. h5 Kf5 54. g6 hxg6 55. h6 Kf6 56. Kxf4 g5+ $10) 50... Kxc6 51. f5
Kd6 (51... gxf5 $2 52. h5 Kd6 53. g6 hxg6 54. h6 $18) 52. f6 $18 Kd7 (52... Ke6
53. Kf3 (53. Kg3 $5 {Wedberg Knaak} Kd6 $2 (53... Kf7 54. Kg4 Ke6 $10) 54. h5
$1 Ke6 55. hxg6 hxg6 $18) 53... Kd6 (53... Kf7 $142 $3 $10 {Wedberg Knaak}) 54.
Kg4 (54. Ke4 {Wedberg} Ke6 55. Kd4 Kd6 (55... Kd7 {Hecht} 56. Kd5 Ke8 (56...
Kd8 57. Kc6 $18 {Zugzwang}) 57. Ke6 Kf8 $1 {führt zu nichts...} 58. Kd7 $2 c5)
56. Kc4 c6 57. Kd4 Ke6 58. Kc5 Kd7 {White cannot break through on the Q-side})
54... Ke6 55. h5 Kf7 $1 $10 {Knaak} (55... Kd6 {Wedberg} 56. hxg6 hxg6 57. Kf4
Ke6 58. Ke4 Kd6 59. Kd4 c6 60. Kc4 Ke6 61. Kc5 Kd7 62. f7 {With the h-P:s
exchanged this wins.} Ke7 63. Kxc6 Kxf7 64. Kd7 Kg7 65. Ke7 Kh7 66. Kf6 Kh8 67.
Kxg6 Kg8 68. Kf6 (68. Kh6 $18) 68... Kf8 69. g6 Kg8 70. g7 Kh7 71. Kf7 $18) (
55... gxh5+ 56. Kxh5 c5 57. Kh6 (57. Kg4 $2 {Wedberg} h6 $10) 57... c4 58. Kg7
c3 59. f7 c2 60. f8=Q c1=Q 61. Qf6+ Kd5 62. Kxh7 $18 {ENDSPIEL-CD: Weiß
gewinnt in 43 Zügen beginnend mit z.B:} Qc7+ 63. Kg8 Qc8+ 64. Kg7 Kc4 65. Qf3
$1 Kb5 66. g6 Ka4 67. Qe3) 56. Kh4 (56. hxg6+ {Wedberg} Kxg6 $1) (56. h6 {
Wedberg} Ke6 57. Kf4 Kf7 58. Ke5 Kf8 59. Ke6 Ke8 60. Kd5 Kd7 (60... Kf7 61. Kc6
Kf8 62. Kxc7 Kf7 63. Kd7 Kf8 64. Ke6 Ke8 65. f7+ Kf8 $10) 61. Kc5 Ke8 62. Kc6
Kd8 63. f7 Ke7 64. Kxc7 Kxf7 65. Kd7 Kf8 66. Kd8 Kf7 67. Kd7 Kf8 68. Ke6 Ke8
69. Kf6 Kf8 $10) 56... c5 $1 57. hxg6+ Kxg6 58. Kg4 h6 $10) (52... c5 $2 {
Wedberg} 53. Kf3 Ke6 54. Ke4 Kd6 55. Kd3 Ke6 56. Kc4 Kd6 57. Kb5 $18) 53. Kf3
Ke6 54. Kf4 Kf7 55. Ke5 Ke8 56. Kd5 Kd7 57. Kc5 Ke8 $10) 1-0

[Event "Rubinstein Memorial 32nd"]
[Site "Polanica Zdroj"]
[Date "1995.??.??"]
[Round "9"]
[White "Smirin, Ilia"]
[Black "Huebner, Robert"]
[Result "1/2-1/2"]
[WhiteElo "2630"]
[BlackElo "2630"]
[Annotator "Wedberg,T"]
[PlyCount "81"]
[EventDate "1995.08.??"]
[EventType "tourn"]
[EventRounds "11"]
[EventCountry "POL"]
[EventCategory "14"]
[SourceTitle "CBM 049"]
[Source "ChessBase"]
[SourceDate "1995.12.01"]
[SourceVersion "1"]
[SourceVersionDate "1995.12.01"]
[SourceQuality "1"]

1. e4 e5 2. Nf3 Nc6 3. Bb5 a6 4. Ba4 Nf6 5. O-O Nxe4 6. d4 b5 7. Bb3 d5 8. dxe5
Be6 9. Nbd2 Nc5 10. c3 d4 11. Bxe6 Nxe6 12. cxd4 Ncxd4 13. a4 Rb8 (13... b4 14.
Nxd4 Nxd4 15. Nb3 c5 16. Nxd4 cxd4 17. Qf3 Ra7 18. Rd1 Be7 19. Qg4 g6 20. Bh6
$16 {Huebner,R-Polgar,S/San Francisco/1995}) 14. axb5 axb5 15. Ne4 (15. Nxd4
Qxd4 16. Qf3 Bb4 17. Qc6+ {1/2-1/2 Xie Jun-Polgar,Zsu/Moscow olw/1994}) 15...
Be7 16. Be3 Nf5 17. Ba7 (17. Qc2 Nxe3 18. fxe3 O-O 19. Rad1 Qc8 20. Nd4 Nxd4
21. exd4 $14) 17... Qxd1 18. Rfxd1 Rd8 19. g4 $1 Rxd1+ 20. Rxd1 Nh4 21. Nxh4
Bxh4 22. Be3 $2 (22. Rd5 $1 c6 (22... b4 23. Rb5 Be7 24. Rb8+ Nd8 25. Bc5 $16)
(22... O-O 23. Rxb5 $16) (22... h5 23. h3 $16) 23. Rd6 Nd8 24. Bb6 Be7 25. Bxd8
$1 Bxd8 (25... Bxd6 26. Nxd6+ Kxd8 27. Nxf7+ Ke7 28. Nxh8 $18) 26. Rxc6 $16)
22... O-O $10 23. g5 Ra8 24. Kg2 Ra4 25. Kf3 h6 26. gxh6 gxh6 27. Bxh6 Kh7 28.
Be3 Kg6 $44 29. Nc5 Rc4 30. Nxe6 fxe6 31. b3 Rb4 32. Rd3 Bg5 33. Bc5 Rf4+ 34.
Kg2 Kf5 35. Rd7 Rg4+ 36. Kh1 Bf4 37. Rxc7 Rh4 38. Bd6 Rxh2+ 39. Kg1 Rh3 40. b4
Ke4 41. Kg2 1/2-1/2